[Event "Saint Louis Showdown 60m"]
[Site "Saint Louis"]
[Date "2016.11.12"]
[Round "5"]
[White "Nakamura, Hikaru"]
[Black "Caruana, Fabiano"]
[Result "1-0"]
[WhiteElo "2779"]
[BlackElo "2823"]
[PlyCount "97"]
[EventDate "2016.11.10"]
[EventType "tourn"]
[EventRounds "6"]
[EventCountry "USA"]
[EventCategory "22"]
[SourceTitle "CBM 176"]
[Source "ChessBase"]
[SourceDate "2017.01.17"]
[SourceVersion "1"]
[SourceVersionDate "2017.01.17"]
[SourceQuality "1"]

1. d4 d5 2. c4 e6 3. Nf3 Nf6 4. Nc3 Be7 5. Bg5 h6 6. Bh4 O-O 7. e3 Ne4 8. Bxe7
Qxe7 9. cxd5 Nxc3 10. bxc3 exd5 11. Bd3 c5 12. O-O Nc6 13. Re1 Rd8 14. e4 dxe4
15. Bxe4 Qf6 16. d5 Ne7 17. c4 Bg4 18. Qb3 Bxf3 19. Bxf3 Nf5 20. Qxb7 Nd6 21.
Qc6 Rdc8 22. Qa6 g6 23. Rab1 Rd8 24. Qc6 Rdc8 25. Qa6 Rd8 26. Re3 Qd4 27. Be2
Nf5 28. Reb3 Nd6 29. Rd1 Qf6 30. Qa5 Re8 31. Bf1 Rec8 32. g3 Qf5 33. Qd2 h5 34.
Ra3 Re8 35. Ra6 Ne4 36. Qf4 Qxf4 37. gxf4 Rab8 38. Rxa7 Nd6 39. Ra6 Nf5 40. Rc6
Re4 41. d6 Rd8 42. d7 Kf8 43. Rxc5 Rxf4 44. Bh3 Nd4 45. Rc8 Ke7 46. c5 g5 47.
Re1+ Ne6 48. Bxe6 fxe6 49. c6 1-0

[Event "London Classic 8th"]
[Site "London"]
[Date "2016.12.11"]
[Round "3"]
[White "Nakamura, Hikaru"]
[Black "Anand, Viswanathan"]
[Result "1-0"]
[WhiteElo "2779"]
[BlackElo "2779"]
[Annotator "Pavlovic,M"]
[PlyCount "85"]
[EventDate "2016.12.09"]
[EventType "tourn"]
[EventRounds "9"]
[EventCountry "ENG"]
[EventCategory "22"]
[SourceTitle "CBM 176"]
[Source "ChessBase"]
[SourceDate "2017.01.17"]
[SourceVersion "1"]
[SourceVersionDate "2017.01.17"]
[SourceQuality "1"]

1. d4 Nf6 2. c4 e6 3. Nf3 d5 4. Nc3 Nbd7 {Recently this has become Anand's
favorite move order, in the same tournament he played it against So as well.}
5. cxd5 exd5 6. Bg5 Bb4 7. e3 h6 8. Bh4 g5 9. Bg3 Ne4 {We have reached a very
sharp line of the Ragozin Opening, a line that has had lots of followers
recently.} 10. Nd2 Nxg3 ({It is risky to take the pawn:} 10... Nxc3 11. bxc3
Bxc3 12. Rc1 Ba5 13. h4 Nf6 14. Rc5 Bxd2+ 15. Qxd2 Ne4 16. Bxc7 Qe7 17. Qb2 O-O
18. hxg5 Nxc5 (18... hxg5 19. Bd3 $1 $16) 19. dxc5 Qxc7 20. Rxh6 Qa5+ 21. Kd1
Qa4+ 22. Kc1 f6 23. Rg6+ Kh8 24. gxf6 Rf7 25. Bd3 {with a winning attack.}) 11.
hxg3 c6 $5 {A less popular choice among grandmasters at least, but an
interesting one. We will see that the idea is to have at his disposal the
a5-square for the bishop to retreat to.} (11... Nb6 12. a3 Bd6 13. e4 dxe4 14.
Ndxe4 Qe7 15. Be2 Bf5 16. Nxd6+ Qxd6 17. Rc1 c6 18. O-O O-O 19. f4 Rad8 20.
fxg5 Bg6 21. gxh6 Qxd4+ 22. Qxd4 Rxd4 23. g4 Re8 24. Rcd1 Rxd1 25. Rxd1 Kh7 26.
g5 Re5 27. Rd8 Rxg5 28. Rb8 Nd5 29. Nxd5 Rxd5 30. Rxb7 Rd2 31. Bf3 c5 {½-½ 
(46) Onischuk,A (2662)-Bacrot,E (2697) Berlin (rapid) 2015. Black managed to
make a draw without great difficulties.}) 12. a3 {An important move, Black has
to decide where to go with the bishop.} Ba5 {Probably the best choice, as
Black keeps the tension. b2-b4 is still not any kind of positional threat, so
the bishop on a5 enjoys a good position.} (12... Be7 13. Bd3 Nf6 14. Qe2 Be6
15. Nf3 Ng4 16. e4 dxe4 17. Bxe4 Qa5 18. O-O Nf6 19. Ne5 Qb6 20. Rfd1 Rd8 {
1/2-1/2 (20) Borisenko,G-Averbakh,Y Sverdlovsk 1957}) (12... Bd6 {a slightly
provocative idea...} 13. e4 Nb6 14. e5 Be7 15. Bd3 Be6 16. Qe2 Qd7 17. Nb3
O-O-O 18. O-O-O Kb8 19. Kb1 h5 {with unclear conseqencies.}) (12... Bxc3 13.
bxc3 Nf6 14. Bd3 Qe7 15. Qc2 Bd7 16. c4 {White is slightly better.}) 13. Bd3
Kf8 14. Qc2 Nf6 15. O-O-O Kg7 16. Kb1 Be6 17. Nb3 Bb6 18. f4 Bg4 19. Rde1 Qd6 {
So all has gone in normal fashion, Black has a slightly exposed king but has
the bishop pair, and the position is a bit closed for the moment.} 20. Rhf1
Rae8 21. Nc5 Re7 22. Qd2 $5 {Hitting g5.} Rhe8 (22... Bxc5 23. dxc5 Qxc5 24.
fxg5 hxg5 25. b4 (25. e4 dxe4 $17 {the pawn on g5 is defended}) 25... Qd6 26.
e4 Rh5 27. exd5 Rxe1+ 28. Qxe1 cxd5 (28... Nxd5 29. Nxd5 Qxd5 30. Qc3+ Kg8 31.
Bc4 Qe4+ {Black is fine}) 29. Nb5 Qb6 30. Qe5 Qe6 31. Qd4 Qb6 $11) 23. fxg5
hxg5 24. e4 Nxe4 (24... Nh5 $3 {The computer choice; for humans this is a
tough move to play in a tournament game. What puzzles me is that I don't
understand really what Anand missed in this game.} 25. Qxg5+ (25. e5 Qh6 26.
Qf2 Bxc5 27. dxc5 f5 $1 $132) 25... Qg6 26. Qxg6+ fxg6 $17) 25. N5xe4 {It was
better to take with the other knight:} (25. N3xe4 $1 dxe4 26. Rxe4 Bh5 {
the idea that could have saved Black in the game now is not that strong due to}
27. Qxg5+ Qg6 28. Qxe7 $1 Rxe7 29. Rxe7 {the bishop on d3 is protected now!}
Bxc5 30. Rfxf7+ Qxf7 31. Rxf7+ Kxf7 32. dxc5 $16) 25... dxe4 26. Rxe4 Rxe4 $2 (
26... Bh5 $1 {the last chance because Nakamura took with the wrong knight on e4
} 27. Qxg5+ Qg6 28. Qxg6+ Bxg6 29. Rg4 Re1+ 30. Rxe1 Rxe1+ 31. Ka2 Ba5 {
Black has very good chances of holding a draw actually without great problems.}
) 27. Nxe4 Qg6 (27... Qxd4 28. Qxg5+ Kf8 29. Qh6+ Qg7 30. Qd6+ Re7 31. Nf6 $18)
28. Nf6 $1 Qxf6 29. Rxf6 Kxf6 30. Qc3 Bd7 ({A better chance was} 30... Bc7 31.
d5+ Be5 32. Qb4 Bc8 33. dxc6 bxc6 34. Qc5 $16) 31. d5+ Re5 32. Be4 g4 33. dxc6
bxc6 34. Bxc6 Bxc6 35. Qxc6+ $18 Kg5 36. Qd7 Re3 37. Qxf7 Rxg3 38. Qd5+ Kh4 39.
a4 $18 Bf2 40. Qd8+ Kh5 41. Qe8+ Kg5 42. Qe5+ Kg6 43. Qf4 1-0

[Event "London Classic 8th"]
[Site "London"]
[Date "2016.12.12"]
[Round "4"]
[White "Topalov, Veselin"]
[Black "Nakamura, Hikaru"]
[Result "0-1"]
[WhiteElo "2760"]
[BlackElo "2779"]
[Annotator "Roiz,M"]
[PlyCount "106"]
[EventDate "2016.12.09"]
[EventType "tourn"]
[EventRounds "9"]
[EventCountry "ENG"]
[EventCategory "22"]
[SourceTitle "CBM 176"]
[Source "ChessBase"]
[SourceDate "2017.01.17"]
[SourceVersion "1"]
[SourceVersionDate "2017.01.17"]
[SourceQuality "1"]

1. e4 c6 2. d4 d5 3. e5 c5 {This aggressive approach is rarely seen on the top
level.} 4. dxc5 Nc6 5. Nf3 (5. a3 $5 {is another interesting continuation,
which has recently gained some popularity}) 5... Bg4 6. c3 e6 7. b4 ({Possibly,
} 7. Be3 $5 {as was played in most games, poses Black more problems. For
instance, in the following recent encounter Hikaru was unable to solve the
problems:} Qc7 (7... Bxf3 8. Qxf3 Nge7 9. Bb5 a6 10. Ba4 Qa5 11. Bc2 Nxe5 12.
Qg3 Nc4 13. b4 Qd8 14. O-O $36 {Zhigalko,S (2683)-Laznicka,V (2666) Rhodes 2013
}) 8. Nbd2 Nge7 9. Bd4 g6 10. h3 Bxf3 11. Nxf3 Bg7 12. Bb5 O-O 13. Bxc6 Nxc6
14. Qe2 $14 {Leko,P (2693)-Nakamura,H (2779) Doha QAT 2016}) 7... a6 {The
e5-pawn should fall soon, so Hikaru is making a useful prophylactic move.} ({
There are several solid alternatives:} 7... g6 $5 8. Bb5 Bxf3 9. Qxf3 Bg7 10.
Bxc6+ bxc6 11. Qe2 a5 12. a3 f6 13. Bf4 Nh6 $44 {Fedoseev,V (2670)-Fridman,D 
(2620) Liepaja LAT 2016. Black had full compensation for the pawn.}) (7... Bxf3
$5 8. Qxf3 Nxe5 9. Bb5+ Nc6 10. Bb2 Be7 11. c4 Nf6 $132 {Nepomniachtchi,I 
(2704)-Andreikin,D (2718) Moscow 2012}) 8. Nbd2 ({White doesn't get much after
} 8. Bf4 Bxf3 $1 9. Qxf3 g5 10. Bg3 Bg7 $132 {Doluhanova,E (2252)-Schepetkova,
M (2302) Sharjah UAE 2016}) 8... Nxe5 9. Qa4+ ({The other moves have been
tested at a high level, but Black's position looks fine both after} 9. h3 Nxf3+
10. Nxf3 Bxf3 11. Qxf3 g6 12. Be2 Bg7 13. O-O Ne7 $132 {Fedorchuk,S (2660)
-Lupulescu,C (2634) Legnica 2013}) ({and} 9. Be2 Nc6 10. O-O Nf6 11. h3 Bh5 12.
Bb2 Be7 $132 {Frolyanov,D (2566)-Alekseev,E (2651) Kaliningrad RUS 2015}) 9...
Nd7 $146 {Hikaru chooses the most ambitious way, deviating from the
approximately equal endgame.} ({The previously played} 9... Qd7 {also looks
solid:} 10. Qxd7+ Nxd7 11. Bb2 Bxf3 ({But} 11... Ngf6 $6 {is inferior:} 12. Nd4
Be7 13. N2b3 e5 14. h3 $1 Be6 15. Nxe6 fxe6 16. Be2 $14 {Predojevic,B (2632)
-Zelcic,R (2539) Zadar 2010}) 12. Nxf3 Be7 13. Be2 Bf6 14. O-O Ne7 15. Rab1 O-O
16. c4 a5 $132 {Nevednichy,V (2554)-Zelcic,R (2548) Tromso 2014}) 10. Ne5 {
Veselin is trying to make use of pinning the Nd7, but most of his pieces are
undeveloped and do not bother Black.} Ngf6 11. c4 $6 {Veselin is pushing too
hard, exposing his pawn structure.} ({It was better to liquidate the bishop at
once in order to develop the Bf1 with tempo:} 11. Nxg4 $1 Nxg4 12. Be2 Nge5 (
12... Ngf6 13. O-O Be7 14. a3 O-O 15. Qc2 b6 16. cxb6 Nxb6 17. c4 dxc4 18. Nxc4
$14) 13. Bb2 {White's bishops can be potentially very strong, so Black has to
play precisely:} a5 $1 (13... Be7 14. Qb3 O-O 15. c4 dxc4 16. Nxc4 Nxc4 17.
Qxc4 $14) 14. Qb3 Be7 15. a3 b6 16. c4 $1 axb4 17. axb4 Rxa1+ 18. Bxa1 dxc4 19.
Nxc4 Nxc4 20. Bxc4 bxc5 21. O-O O-O 22. Rd1 Qc7 23. Bxe6 Nf6 $11) 11... a5 $1
12. Nb3 $6 {This inaccuracy invites further troubles.} ({More to the point was
} 12. Nxd7 Qxd7 13. Qxd7+ Nxd7 14. cxd5 exd5 15. bxa5 Be7 $1 ({After} 15...
Bxc5 16. Nb3 O-O 17. f3 {White should be able to slowly equalise.}) 16. Be2
Bxe2 17. Kxe2 Nxc5 18. Nb3 $15 {with a slightly worse, but defendable endgame.}
) 12... axb4 13. Qb5 Be7 $1 {Now Black's development advantage is getting
threatening.} 14. c6 (14. cxd5 {is strongly met by} O-O $1 15. Nxg4 Nxg4 16. h3
Nxf2 $1 17. Kxf2 Bf6 18. Rb1 Rxa2+ 19. Kg1 Bc3 20. Bf4 Qf6 $40 {with a
powerful attack.}) 14... bxc6 15. Nxc6 Qc7 16. f3 {The best chance.} (16. Nxe7
{loses on the spot:} Rb8 $1 17. Qa5 Qe5+ 18. Be3 Kxe7 $19) 16... Bf5 17. Nxe7
Rb8 18. Nxf5 $2 {Veselin is trying to change the unfavourable course of the
game, but White cannot afford to lose the queen in this situation.} ({He had
to play} 18. Qa5 Qe5+ 19. Kf2 Kxe7 20. c5 Rhc8 21. Be3 Qb2+ 22. Be2 Bd3 23.
Rhe1 $17) 18... Rxb5 19. Nxg7+ Ke7 (19... Kf8 $1 {was simpler:} 20. Bh6 Qe5+
21. Kf2 Qb2+ 22. Kg1 Ra5 $1 $19) 20. cxb5 Nc5 $6 {This inaccurate move makes
Black's task tougher.} ({Hikaru should have continued} 20... Qe5+ 21. Be2 Nc5
22. Rb1 Nd3+ 23. Kf1 Nxc1 24. Nxc1 Nd7 $1 $19) 21. Bb2 Nxb3 22. axb3 {
Developing the queenside pieces is Veselin's definite achievement, but the
position is still very dangerous.} Qf4 (22... Rg8 $5 23. Bd4 Qc2 24. g3 Rxg7 $1
(24... Ne4 25. Ra7+ Kd6 26. Ra6+ Kd7 27. Ra7+ Kc8 28. fxe4 Qxe4+ 29. Be2 Qxh1+
30. Kf2 Qxh2+ 31. Kf1 $11) 25. Ra7+ Nd7 26. Bxg7 Qxb3 27. Be2 Qe3 28. b6 Qxb6
29. Ra1 f6 $17) 23. Be2 $6 {This is too modest!} ({The correct move was} 23.
Rd1 $1 Qg5 24. Bd4 Qxg7 25. g3 Qh6 26. Bd3 $17 {, activating all the forces.})
23... Rc8 $1 24. Rd1 ({In the event of} 24. b6 Qe3 25. Bxf6+ Kxf6 26. Nh5+ Ke7
27. Rd1 Rc2 28. Ng3 Qxb6 $19 {the lack of harmony makes White's position
completely lost.}) 24... Qg5 $6 {There was no reason for hurrying! The poor
Ng7 would be lost anyway.} ({A much stronger try was} 24... Rc2 25. Bd4 Qg5 26.
Nf5+ Qxf5 27. Bd3 Qg5 28. g3 Rc3 $1 29. f4 Qg8 $19) 25. b6 $2 {Returning the
favour.} ({GM Topalov misses another chance to consolidate:} 25. O-O $1 Rc3 $1
26. Nxe6 fxe6 27. f4 Qg8 28. Rde1 $17 {and the vulnerablity of the king on e7
offers White definite drawing chances.}) 25... Rc2 {The rook penetrates
White's camp with great effect.} 26. Bxf6+ Qxf6 27. Nh5 (27. b7 Qc3+ 28. Kf1
Qc7 $19) 27... Qc3+ 28. Kf1 Qe3 29. Re1 Qxb6 {Collecting the most important
pawn. The b3-pawn should fall soon too.} 30. Nf4 Qe3 31. g3 Qxb3 {The b3-pawn
is worth a piece, but there is still some technical work to do.} 32. Kg2 Kf8 (
32... e5 33. Kh3 Rd2 34. Ng2 Qc3 35. Rc1 Rc2 $19) 33. Kh3 Qb2 34. Rb1 Qf6 35.
Rhe1 (35. Rxb4 Qh6+ 36. Kg2 e5 $19) 35... e5 36. Nxd5 (36. Nd3 e4 37. Nxb4 Rd2
38. Rbd1 Rxd1 39. Bxd1 Qh6+ 40. Kg2 Qd2+ 41. Kf1 e3 42. Be2 Qxb4 $19) 36...
Qe6+ 37. Kg2 Qxd5 38. Rxb4 {White was able to liquidate all the opponent's
pawn on the queenside, but it's still lost!} Qd2 39. Rb8+ Kg7 40. Kf1 Qh6 $2 {
The last move before crossing the time control turns out to be a serious
mistake.} ({The most convincing was} 40... e4 $1 41. fxe4 Qh6 42. Kg1 Qe3+ 43.
Kf1 Qxe4 44. Kf2 Qa4 $1 {, and White is paralysed:} 45. Kf1 (45. Rb7 Qd4+ 46.
Kf1 Qd5 $19) 45... h5 46. Rbb1 Qe4 47. Kf2 Rxe2+ 48. Rxe2 Qxb1 $19) 41. Kg2 $2
{Alas, Veselin is far from his best...} ({Otherwise, he would have played} 41.
Rb4 $1 Qh3+ (41... Qxh2 $2 42. Rh4 Qxg3 43. Rg4+ Qxg4 44. fxg4 {, and now it
is Black, who has to fight for a draw!}) 42. Kg1 Qd7 43. Kf1 $17 {, and the
limited material balance leaves White some hopes - it's not easy to make
progress here!}) 41... e4 $1 {Now White's position is collapsing.} 42. Rb3 (42.
fxe4 Qe3 $19) (42. f4 Qh5 $19) 42... Qe6 43. Re3 exf3+ 44. Kxf3 Qh3 {The rest
is easy.} 45. Rd1 (45. Rh1 Qf5+ 46. Kg2 Qd5+ $19) 45... Qh5+ 46. Kf2 Qxh2+ 47.
Kf3 Rc6 48. Rd4 Rg6 49. g4 Rf6+ 50. Ke4 Qh1+ 51. Kd3 Qb1+ 52. Kd2 Qb2+ 53. Kd3
Rc6 0-1

[Event "London Classic 8th"]
[Site "London"]
[Date "2016.12.16"]
[Round "7"]
[White "Nakamura, Hikaru"]
[Black "Vachier Lagrave, Maxime"]
[Result "1-0"]
[WhiteElo "2779"]
[BlackElo "2804"]
[Annotator "Meier,Georg"]
[PlyCount "73"]
[EventDate "2016.12.09"]
[EventType "tourn"]
[EventRounds "9"]
[EventCountry "ENG"]
[EventCategory "22"]
[SourceTitle "CBM 176"]
[Source "ChessBase"]
[SourceDate "2017.01.17"]
[SourceVersion "1"]
[SourceVersionDate "2017.01.17"]
[SourceQuality "1"]

1. e4 c5 2. Nf3 d6 3. d4 cxd4 4. Nxd4 Nf6 5. Nc3 a6 6. Bg5 {Everyone is happy
to see this! The players go into the deep jungle, but to come out unscathed a
formidable map is indispensable. One round earlier Hikaru ran right into
quicksand as Black, so he decided to ask Maxime about the right path.} e6 7. f4
h6 ({To my mind} 7... Qb6 8. Qd2 (8. a3 Nc6) 8... Qxb2 9. Rb1 Qa3 10. e5 h6 11.
Bh4 dxe5 12. fxe5 Nfd7 13. Ne4 Qxa2 14. Rd1 Qd5 15. Qe3 Qxe5 16. Be2 Bc5 17.
Bg3 Qd5 18. c4 Bxd4 19. Rxd4 Qa5+ 20. Rd2 O-O 21. Bd6 f5 22. Bxf8 Nxf8 23. Nd6
Nbd7 {is the latest development. Both Giri and Vachier-Lagrave have shown that
Black is fine.}) 8. Bh4 Qb6 9. a3 (9. Qd2 Qxb2 10. Rb1 Qa3 {could transpose
back to 7...Qb6.}) 9... Be7 10. Bf2 {That's the difference from the move order
starting with 7...h6. I like this redeployment of the bishop, as Black has to
relieve pressure on b2, while White gets ready for a pawn storm on the
kingside against the juicy target created by h6.} Qc7 {Now White can develop
quite harmoniously.} 11. Qf3 Nbd7 12. O-O-O b5 13. g4 {Things start to heat
up! White also seems to have created a target with a2-a3, but it is much
harder to exploit, since Black cannot open up lines on the queenside.} Bb7 ({
The round before we probably witnessed the end of} 13... g5 $6 14. h4 gxf4 15.
Be2 b4 $146 {Hikaru's novelty, which led him straight into a lost position.} ({
Maxime had been successful with} 15... Rg8 16. Rdg1 $2 ({but} 16. g5 hxg5 17.
hxg5 Ne5 18. Qxf4 Nfd7 19. Nxe6 fxe6 20. Rh7 {would have been big trouble} Bxg5
$2 21. Bh5+ Kd8 22. Bh4) 16... d5 17. exd5 Ne5 18. Qh3 exd5 {0-1 (28) Giri,
A-Vachier Lagrave,M Stavanger 2016}) 16. axb4 Ne5 17. Qxf4 Nexg4 18. Bxg4 e5
19. Qxf6 $3 Bxf6 20. Nd5 Qd8 21. Nf5 $1 Rb8 (21... Bxf5 22. Bxf5 $18 {
Picturesque! White is completely dominating. A queen needs targets, and there
is not a single one in White's position. Black cannot get his king to any
safety and being unable to open up new lines, he has to await execution making
aimless moves with the major pieces.}) 22. Nxf6+ Qxf6 23. Rxd6 {1-0 (32)
Caruana,F-Nakamura,H London 2016}) 14. Bg2 Rc8 15. Kb1 g5 {Again, Black is
fighting for the dark squares on the kingside. But of course this sharp
attempt needed to be well-prepared at home...} 16. Qh3 Nc5 $2 {Maxime had
already sunk into deep thought and it turns out that he already lost his way.}
({There are a number of correspondence games with} 16... Nh7 17. e5 (17. f5 $2
e5 18. Nb3 Nhf6 {would allow Black to stabilise}) 17... Bxg2 18. Qxg2 gxf4 19.
exd6 Bxd6 20. Rhe1 Be5 {And here I begun analysing quite a bit out of genuine
curiosity. The move the computer wants to play probably wouldn't enter any
player's head in London: Na2} 21. h3 $5 {This is very abstract too, but I like
this move claiming there is some sort of zugzwang!} (21. Nf5 exf5 22. gxf5 Ng5
23. h4 Qc6 24. Rd5 f6 25. hxg5 hxg5 {and Black holds}) (21. Na2 O-O 22. Nb4 a5
(22... Bxd4 23. Bxd4 a5 24. Nd3 f3 25. Qf2 b4 26. axb4 axb4 27. Nxb4 Qb7 {
was seen in the correspondence games, but without a computer's help Black
should have very little chances to survive.}) 23. Na6 Qc4 24. b3 Qc3 25. Rd3
Bxd4 26. Rxc3 Bxc3 27. Rh1 a4 $13) (21. h4 {Looks logical, to get ready for
Black castling, but then he doesn't; he plays} Rg8 {and finds a target on g4})
21... O-O $6 (21... Rg8 $142 22. Rd3 Kf8 {appears playable for Black though})
22. g5 $1 hxg5 23. Ne4 $36) 17. Rhe1 {All White's pieces have joined the game;
next is blowing up the centre.} h5 (17... gxf4 {leads to a long forced
sequence:} 18. g5 Nfd7 19. g6 fxg6 20. Nxe6 Nxe6 21. Qxe6 Ne5 22. Bd4 Qc4 23.
Nd5 Bxd5 24. exd5 Qxc2+ 25. Ka1 Qf5 26. Qxf5 gxf5 27. Bxe5 dxe5 28. d6 Kf7 29.
Rxe5 $16 {The d-pawn will tie Black down.}) 18. Nf5 $1 {...and that's how you
do it in the Najdorf!} Ncxe4 {Keeping control requires precision from White,
but his superior coordination should inspire full confidence that there is
always going to be a solution.} (18... exf5 19. exf5 Bxg2 20. Qxg2 {Now Black
has to try and stop a breakthrough on the kingside, so:} Rg8 21. fxg5 Rxg5 {
does not look bad at first sight, but} 22. h3 $1 {followed by Bh4 breaks the
blockade with devastating effect. Black's pieces are in a way shattered,
living separate lives on each side and unable to work together.}) 19. Bxe4 Nxe4
20. Bd4 $1 {Not exposing c2 and assuming control over the black kingside.} Rg8
21. Nxe7 Kxe7 22. gxh5 {White has transformed his initiative into one major
asset: the h-pawn supported by queen and bishop. Of course the black king's
location in the centre makes it impossible to put together a succesful defence
against its advance.} gxf4 23. Qh4+ Kf8 (23... f6 {would also expose the 7th
rank, adding more problems.}) 24. Ka1 {Elegant and good enough, since Black
cannot repair his position.} (24. h6 $1 e5 25. h7 Rh8 26. Ka1 $1 {is the
computer's beautiful solution to win the game. Stepping away from c2 takes
away any last trick Black may have.}) 24... b4 {Desperation obviously.} 25.
Nxe4 Bxe4 26. Rxe4 Qxc2 27. Ree1 bxa3 28. Qxf4 axb2+ 29. Bxb2 Rg5 {For the
first time all the black pieces seem to be working together; he is aiming for
an irritating rook swing, but Hikaru has it all under control.} 30. Qxd6+ Kg8
31. Rg1 $1 {The last precise move, Black is about to get mated.} Qa4+ 32. Ba3
Rxg1 33. Rxg1+ Kh7 34. Qd3+ Kh6 35. Rg6+ Kxh5 36. Rg1 f5 37. Qf3+ {So what can
we say? Clearly, there are some real problems in the line Maxime chose, which
may require Black to go back to the well trodden paths of 7...Qb6. Otherwise
Black has to dig deep in the analysis of 16...Nh7 but it would not appeal to
my chess senses at all. Nowadays you can solve opening problems in a lot of
ways with the help of the computer, but it's necessary to play positions one
has a good feel for as well. Since you cannot repeat all analysis constantly,
eventually you'll get a complicated line you haven't looked at in a while and
you will easily misstep if it does not suit you.} 1-0